000 00350nam a2200157Ia 4500
003 OSt
005 20231204091823.0
008 170524s9999 xx 000 0 und d
020 _a9788126528392
040 _cIIMT UNIVERSITY
100 _aWalkenbach- John
245 0 _aMS Office 2010
260 _bWiley India
260 _c2011
942 _2ddc
_c02
999 _c6050
_d6050